Countries with the highest average IQ - Statistics

General Stats
  • This quiz has been taken 55 times
  • The average score is 21 of 28
Answer Stats
Average IQ Country % Correct
105 Japan
98%
98 France
91%
98 United States
91%
104 China
87%
100 Germany
87%
100 United Kingdom
85%
101 Canada
81%
97 Italy
81%
106 South Korea
81%
97 Spain
81%
99 Sweden
81%
99 Australia
79%
99 Norway
79%
101 Finland
77%
102 Switzerland
74%
100 Austria
72%
102 Netherlands
72%
100 Belgium
70%
99 Denmark
70%
100 New Zealand
70%
108 Singapore
70%
101 Iceland
66%
106 Taiwan
64%
99 Czechia
62%
99 Luxembourg
62%
99 Estonia
45%
98 Hungary
45%
102 North Korea
38%
No matching quizzes found
Score Distribution
Percent of People with Each Score
Percentile by Number Answered
Your Score History
You have not taken this quiz